Định mức dự toán khảo sát xây dựng hướng dẫn việc lập đơn giá khảo sát và quản lý chi phí khảo sát xây dựng.
Quyết định số 06/2000/QĐ-BXD ngày 22-5-2000 của Bộ trưởng Bộ Xây dựng. Quy định chung. Công tác đào hố, rãnh bằng phương pháp thủ công; công tác khoan tay, công tác khoan xoay bơm rửa...
Đã lưu trong:
| Formáid: | Leabhar |
|---|---|
| Teanga: | Vietnamese |
| Foilsithe: |
Hà Nội :
Xây dựng,
2000.
|
| Ábhair: | |
| Clibeanna: |
Cuir Clib Leis
Gan Chlibeanna, Bí ar an gcéad duine leis an taifead seo a chlibeáil!
|
| Thư viện lưu trữ: | Mạng thư viện Đại học Đà Nẵng |
|---|
| LEADER | 01226cam a2200373 i 4500 | ||
|---|---|---|---|
| 001 | 000047002 | ||
| 003 | 6522 | ||
| 005 | 20030923140845.0 | ||
| 008 | 010306b2000 vm 000 vie | ||
| 020 | |c 32000 | ||
| 022 | |a T | ||
| 040 | |a IRC |c IRC |d IRC | ||
| 041 | 0 | |a vie | |
| 082 | 1 | 4 | |a 690.0218 |b Đi-M |
| 245 | 0 | 0 | |a Định mức dự toán khảo sát xây dựng hướng dẫn việc lập đơn giá khảo sát và quản lý chi phí khảo sát xây dựng. |
| 260 | |a Hà Nội : |b Xây dựng, |c 2000. | ||
| 300 | |a 174tr. ; |c 31cm. | ||
| 520 | 3 | |a Quyết định số 06/2000/QĐ-BXD ngày 22-5-2000 của Bộ trưởng Bộ Xây dựng. Quy định chung. Công tác đào hố, rãnh bằng phương pháp thủ công; công tác khoan tay, công tác khoan xoay bơm rửa... | |
| 630 | 0 | 4 | |a Kinh tế. |
| 630 | 0 | 4 | |a Pháp luật. |
| 630 | 0 | 4 | |a Xây dựng. |
| 630 | 0 | 4 | |a Định mức dự toán. |
| 630 | 0 | 4 | |a Đơn giá. |
| 650 | 0 | 4 | |a Kinh tế xây dựng. |
| OWN | |a DUT | ||
| 999 | |a From the UDN01 | ||
| TYP | |a Monograph | ||
| TYP | |a Printed language | ||
| 980 | |a Mạng thư viện Đại học Đà Nẵng | ||